Mélanges Gaudefroy-Demombynes : mélanges offerts à Gaudefroy-Demombynes /
محفوظ في:
التنسيق: كتاب
اللغة: French
منشور في:
Le Caire :
Impr. de l'Institut français d'archéologie orientale,
1935-45.
الموضوعات:
الوسوم: إضافة وسم
لا توجد وسوم, كن أول من يضع وسما على هذه التسجيلة!
رقم الطلب: DS42.4 .M4 1935-45
| LEADER | 00705namaa2200217 4500 | ||
|---|---|---|---|
| 001 | 20728 | ||
| 003 | OSt | ||
| 005 | 20260309081048.0 | ||
| 008 | 130303m19351945ua c 000 0 fre d | ||
| 010 | |a 53032861 | ||
| 040 | |c ARCE Library | ||
| 043 | |a aw----- | ||
| 050 | 4 | |a DS42.4 .M4 1935-45 | |
| 245 | 0 | 0 | |a Mélanges Gaudefroy-Demombynes : |b mélanges offerts à Gaudefroy-Demombynes / |c par ses amis et anciens élèves. |
| 264 | 1 | |a Le Caire : |b Impr. de l'Institut français d'archéologie orientale, |c 1935-45. | |
| 300 | |a xii, 323 pages : |b portraits ; |c 28 cm. | ||
| 600 | 2 | 0 | |a Gaudefroy-Demombynes, Maurice, |d 1862-1957. |9 30527 |
| 651 | 0 | |a Middle East. | |
| 901 | |a reviewed | ||
| 942 | |c BK |2 lcc | ||
| 999 | |c 17182 |d 17182 | ||
